000 01122nam0a22002651 4500
001 v19\rc\1218577
005 20250618022814.0
035 _a(NLR Aleph) 004450686
090 _a4471704
_c4471704
100 _a20060306d1874 |||y0rusy50 ca
101 0 _arus
102 _aRU
105 _ay z |||||
200 1 _aГолос старого студента Московского университета в его сто двадцатую годовщину 12 января 1875
_e(Автобиогр. разглагольствования)
_eДля немногих
_eВ сто двадцати четверострочиях
210 _a[Москва]
_cУнив. тип.
_dценз. 1874
215 _a[4] с.
_d31
300 _aВ конце текста псевд. авт.: Старый студент
309 _aБез тит. л. и обл.
700 1 _aШереметевский
_bП.В.
_f1806-
_gПетр Васильевич
790 0 _aСтарый студент
_f1806-
801 0 _aRU
_bNLR
_gpsbo
801 1 _aRU
_bProSoft-M
_2rusmarc
852 _aNLR
_j18.132.2.250
942 _cBOOK
980 _aNB